[Event "Accession B 2013/2014"]
[Site "Vitrolles"]
[Date "2013.10.05"]
[Round "1"]
[White "Beraud, Robert"]
[Black "Urcun, Gael"]
[Result "1-0"]
[WhiteElo "1729"]
[BlackElo "1641"]
[PlyCount "79"]

1. e4 c5 2. Nc3 d6 3. g3 g6 4. Bg2 Nc6 5. d3 Bg7 6. f4 Nf6 7. Nf3 O-O 8. O-O
Rb8 9. h3 b5 10. a3 a5 11. g4 b4 12. axb4 axb4 13. Ne2 Qb6 14. Be3 Bb7 15. f5
Ra8 16. Rb1 Ra2 17. Qd2 Nd7 18. Bh6 Nde5 19. Bxg7 Kxg7 20. Nh4 f6 21. fxg6 hxg6
22. g5 Rh8 23. Qf4 Nd7 24. Nxg6 Kxg6 25. Qf5+ Kf7 26. Nf4 c4+ 27. Kh1 Nde5 28.
g6+ Kg8 29. Nh5 Nd4 30. Nxf6+ exf6 31. Qxf6 Ra8 32. g7 Rxh3+ 33. Bxh3 Qd8 34.
Qh6 Nf7 35. Rxf7 Kxf7 36. Rf1+ Nf5 37. Rxf5+ Ke7 38. Qg5+ Kd7 39. Rf8+ Kc7 40.
Rxd8 1-0

[Event "Accession B 2013/2014"]
[Site "Vitrolles"]
[Date "2013.10.05"]
[Round "1"]
[White "Colandrea, Sauveur"]
[Black "Baroyan, Davit"]
[Result "0-1"]
[WhiteElo "1744"]
[BlackElo "1529"]
[PlyCount "126"]

1. e4 c5 2. Nf3 Nc6 3. Bb5 d6 4. O-O Bd7 5. Re1 Nf6 6. Nc3 Qc7 7. Nd5 Nxd5 8.
exd5 Ne5 9. Bxd7+ Nxd7 10. b3 Nf6 11. c4 g6 12. Bb2 Bg7 13. Qe2 Kf8 14. d4 cxd4
15. Nxd4 a6 16. g4 Qd7 17. h3 Bh6 18. Rf1 Bf4 19. Qf3 Be5 20. g5 Nh5 21. Ne6+
Kg8 22. Bxe5 dxe5 23. Nc5 Qc7 24. Nd3 f6 25. Rfe1 Kg7 26. Rad1 b6 27. d6 exd6
28. Nb4 fxg5 29. Nd5 Qf7 30. Qxf7+ Kxf7 31. Nxb6 Rad8 32. c5 dxc5 33. Rc1 Rd6
34. Nc4 Rd5 35. Nxe5+ Kg7 36. Ng4 Rf8 37. Re7+ Rf7 38. Re5 Rxe5 39. Nxe5 Rc7
40. b4 Nf4 41. Rxc5 Rxc5 42. bxc5 Nxh3+ 43. Kf1 Nf4 44. Nd7 Ne6 45. c6 Nc7 46.
Nc5 Kf7 47. Kg2 Ke7 48. Kg3 h6 49. Ne4 Ke6 50. f4 gxf4+ 51. Kxf4 Kd5 52. Nf6+
Kxc6 53. Ng8 Nd5+ 54. Kg4 h5+ 55. Kg5 Nc3 56. Ne7+ Kd6 57. Nxg6 Nxa2 58. Kxh5
a5 59. Kg5 a4 60. Nf4 Nb4 61. Ne2 a3 62. Nc3 Kc5 63. Kf4 Kc4 0-1

[Event "Accession B 2013/2014"]
[Site "Vitrolles"]
[Date "2013.10.05"]
[Round "1"]
[White "Scamaroni, Jean-Paul"]
[Black "Sempe, Pierre"]
[Result "0-1"]
[WhiteElo "1636"]
[BlackElo "1622"]
[PlyCount "66"]

1. c4 Nf6 2. Nc3 g6 3. e4 d6 4. d4 Bg7 5. f4 O-O 6. Nf3 Nbd7 7. Be2 c6 8. O-O
Qc7 9. h3 e5 10. fxe5 dxe5 11. d5 cxd5 12. cxd5 Nc5 13. Nd2 Bd7 14. Bf3 b5 15.
a3 a5 16. Qe2 Rfb8 17. Rd1 h5 18. Nf1 Ne8 19. Be3 Nb3 20. Ra2 Nd6 21. Nd2 Nxd2
22. Rxd2 Nc4 23. Rc2 Nxe3 24. Qxe3 b4 25. axb4 axb4 26. Rxa8 Rxa8 27. Qc1 bxc3
28. Rxc3 Qb6+ 29. Kh2 Ra7 30. b3 Bf8 31. Qd1 Bc5 32. Bxh5 Bd4 33. Rd3 Ra1 0-1

[Event "Accession B 2013/2014"]
[Site "Vitrolles"]
[Date "2013.10.05"]
[Round "1"]
[White "Benavides, Jeremy"]
[Black "Battaglia, Gerard"]
[Result "1-0"]
[WhiteElo "1798"]
[BlackElo "1847"]
[PlyCount "99"]

1. e4 e6 2. d4 d5 3. Nc3 Nf6 4. Bg5 Bb4 5. e5 h6 6. Bd2 Bxc3 7. bxc3 Ne4 8. Bd3
c5 9. Bxe4 dxe4 10. Qg4 Rg8 11. Qxe4 Bd7 12. Ne2 Bc6 13. Qg4 Qd5 14. f3 Nd7 15.
Ng3 O-O-O 16. Qe4 Qc4 17. Qe2 Qa4 18. Ne4 cxd4 19. Nd6+ Kb8 20. O-O Qxc2 21.
cxd4 Nb6 22. Rfc1 Qb2 23. Qd3 Rxd6 24. exd6 Bb5 25. Qc3 Qxc3 26. Rxc3 Nd5 27.
Rc5 Bc6 28. Be1 f5 29. Ba5 Kc8 30. Bc7 Nxc7 31. dxc7 Kxc7 32. Kf2 g5 33. g3 Kd6
34. a4 Bd5 35. Rac1 h5 36. Rc8 Rg7 37. Rd8+ Ke7 38. Rc7+ Kf6 39. Rxg7 Kxg7 40.
Rd7+ Kf6 41. f4 g4 42. a5 a6 43. Ke3 Bc6 44. Rc7 Bd5 45. Kd2 Kg6 46. Kc3
Bc6 47. Kb4 Kf6 48. Kc5 Be4 49. Kb6 Bf3 50. Rxb7 1-0

[Event "Accession B 2013/2014"]
[Site "Vitrolles"]
[Date "2013.10.05"]
[Round "1"]
[White "Ganier, Philippe"]
[Black "Tchifteyan, Philippe"]
[Result "0-1"]
[WhiteElo "1633"]
[BlackElo "1692"]
[PlyCount "102"]

1. g3 d5 2. Bg2 e5 3. d3 c6 4. Nf3 Bd6 5. Nbd2 g5 6. O-O g4 7. Ne1 h5 8. e4 d4
9. Nc4 Bc7 10. f4 f6 11. fxe5 fxe5 12. Qe2 b5 13. Qf2 Qe7 14. Bg5 Qg7 15. Nd2
Nd7 16. Bh4 Ne7 17. Bf6 Nxf6 18. Qxf6 Qxf6 19. Rxf6 Bd7 20. Nb3 Bb6 21. a4 bxa4
22. Rxa4 Ng8 23. Rg6 Kf7 24. Rd6 Nf6 25. Kf1 Ke7 26. Rxd7+ Nxd7 27. Ke2 h4 28.
Na5 Kd6 29. Nc4+ Kc7 30. c3 dxc3 31. bxc3 hxg3 32. hxg3 Raf8 33. Nxb6 axb6 34.
Ra2 Ra8 35. Rc2 Ra1 36. d4 Rha8 37. d5 c5 38. Nd3 R8a2 39. Kd2 Rxc2+ 40. Kxc2
Rg1 41. Kb3 Rxg2 42. Ne1 Rxg3 43. Nc2 Rg2 44. Ne3 Rg1 45. Kc2 b5 46. Kd2 Nf6
47. Nf5 Nxe4+ 48. Kd3 Nd6 49. Ne3 Rg3 50. Ke2 Rxe3+ 51. Kxe3 b4 0-1

[Event "Accession B 2013/2014"]
[Site "Vitrolles"]
[Date "2013.11.09"]
[Round "2"]
[White "Baroyan, Davit"]
[Black "Scamaroni, Jean-Paul"]
[Result "1/2-1/2"]
[WhiteElo "1529"]
[BlackElo "1636"]
[PlyCount "61"]

1. d4 Nf6 2. c4 g6 3. Nc3 d5 4. cxd5 Nxd5 5. e4 Nxc3 6. bxc3 Bg7 7. Bc4 c5 8.
Ne2 cxd4 9. cxd4 Nc6 10. Be3 O-O 11. Qd2 Qa5 12. Qxa5 Nxa5 13. Rc1 Nxc4 14.
Rxc4 b6 15. Rc7 Re8 16. Nc3 Ba6 17. Nd5 e6 18. Nb4 Bb5 19. f3 Rec8 20. Rxc8+
Rxc8 21. Kd2 Rc4 22. Nc2 Bf8 23. Rb1 Ba6 24. a3 Rc8 25. Nb4 Bxb4+ 26. axb4 Bb7
27. Rc1 Rxc1 28. Kxc1 a6 29. d5 exd5 30. exd5 Bxd5 31. Bxb6 1/2-1/2

[Event "Accession B 2013/2014"]
[Site "Vitrolles"]
[Date "2013.11.09"]
[Round "2"]
[White "Urcun, Gael"]
[Black "Tchifteyan, Philippe"]
[Result "0-1"]
[WhiteElo "1641"]
[BlackElo "1692"]
[PlyCount "40"]

1. e4 c5 2. Nc3 Nc6 3. g3 Nf6 4. Bg2 e5 5. d3 d6 6. Nge2 Nd4 7. O-O h5 8. h3
Be7 9. f4 h4 10. g4 Nxg4 11. hxg4 Bxg4 12. Be3 h3 13. Bh1 h2+ 14. Kg2 Bh3+ 15.
Kf2 Bh4+ 16. Ng3 Bxg3+ 17. Kxg3 Qh4+ 18. Kxh2 Bxf1+ 19. Kg1 Qxh1+ 20. Kf2 Rh2+
0-1

[Event "Accession B 2013/2014"]
[Site "Vitrolles"]
[Date "2013.11.09"]
[Round "2"]
[White "Battaglia, Gerard"]
[Black "Ganier, Philippe"]
[Result "1-0"]
[WhiteElo "1847"]
[BlackElo "1633"]
[PlyCount "77"]

1. d4 e6 2. Nf3 Nf6 3. Bg5 Be7 4. c4 b6 5. Nc3 Bb7 6. d5 O-O 7. e4 h6 8. Bh4
exd5 9. cxd5 d6 10. Bd3 Nbd7 11. O-O a6 12. Re1 Re8 13. Nd4 Ne5 14. Nf5 Bf8 15.
Bc2 Ng6 16. Bg3 Qd7 17. Rc1 Ne7 18. Ne3 Ng6 19. f4 Rad8 20. Nc4 Ba8 21. Qd4 Qg4
22. Bd1 Qd7 23. Bf3 h5 24. h4 Ng4 25. Ne3 Nf6 26. Nf5 Kh7 27. Qd1 b5 28. b4 c6
29. Bxh5 Nxe4 30. Nxe4 Qxf5 31. Ng5+ Kg8 32. dxc6 d5 33. c7 Rc8 34. Bg4 Qf6 35.
Rxe8 Rxe8 36. c8=Q Rxc8 37. Rxc8 Bc6 38. Qc1 Ne7 39. Rxf8+ 1-0

[Event "Accession B 2013/2014"]
[Site "Vitrolles"]
[Date "2013.11.09"]
[Round "2"]
[White "Sempe, Pierre"]
[Black "Benavides, Jeremy"]
[Result "0-1"]
[WhiteElo "1622"]
[BlackElo "1798"]
[PlyCount "72"]

1. e4 Nc6 2. d4 d5 3. e5 Bf5 4. Bd3 Bg6 5. Nf3 e6 6. Bg5 Be7 7. Bxe7 Ngxe7 8.
h4 Nb4 9. Bb5+ c6 10. Ba4 h5 11. a3 Na6 12. c3 Rc8 13. Nbd2 b5 14. Bc2 c5 15.
dxc5 Nxc5 16. Nb3 Na4 17. Bxg6 Nxg6 18. Qe2 a6 19. g3 Qc7 20. Nbd4 Nxc3 21. Qd3
Ne4 22. O-O Nxe5 23. Nxe5 Qxe5 24. Rac1 O-O 25. Nc6 Qd6 26. Nb4 f5 27. Rce1 Rc4
28. Kg2 f4 29. b3 Rc3 30. Qd4 Qc5 31. Qe5 Qc8 32. Nxd5 exd5 33. Qxd5+ Rf7 34.
Rxe4 fxg3 35. fxg3 Rc2+ 36. Kh1 Qh3+ 0-1

[Event "Accession B 2013/2014"]
[Site "Vitrolles"]
[Date "2013.11.09"]
[Round "2"]
[White "Beraud, Robert"]
[Black "Colandrea, Sauveur"]
[Result "0-1"]
[WhiteElo "1729"]
[BlackElo "1764"]
[PlyCount "80"]

1. e4 e5 2. Nf3 Nc6 3. Bb5 Nf6 4. d3 Bc5 5. O-O d6 6. h3 h6 7. c3 O-O 8. Re1 a6
9. Ba4 b5 10. Bc2 Re8 11. d4 exd4 12. cxd4 Bb6 13. Nc3 Bb7 14. a3 Nb8 15. Bf4
Nbd7 16. Qd2 Nf8 17. Rad1 N6h7 18. b4 Bc6 19. d5 Bd7 20. Nd4 Ng6 21. Nc6 Qf6
22. Be3 Bxe3 23. Rxe3 Nf4 24. Rg3 Nh5 25. Rf3 Qh4 26. e5 Ng5 27. Qd3 Nxf3+ 28.
Qxf3 Bxc6 29. dxc6 Rxe5 30. Qd3 Nf6 31. Ne2 Rae8 32. Ng3 Qc4 33. Qxc4 bxc4 34.
a4 Re1+ 35. Rxe1 Rxe1+ 36. Kh2 g6 37. b5 axb5 38. axb5 Nd5 39. Ne4 Kg7 40. b6
Nxb6 0-1

[Event "Accession B 2013/2014"]
[Site "Vitrolles"]
[Date "2013.11.30"]
[Round "3"]
[White "Colandrea, Sauveur"]
[Black "Urcun, Gael"]
[Result "1-0"]
[WhiteElo "1762"]
[BlackElo "1641"]
[PlyCount "111"]

1. d4 Nf6 2. c4 g6 3. Nc3 Bg7 4. e4 d6 5. f3 O-O 6. Be3 c5 7. dxc5 dxc5 8. Bxc5
Qc7 9. Be3 Rd8 10. Qb3 Nc6 11. Rd1 Be6 12. Nd5 Bxd5 13. cxd5 Na5 14. Qb5 b6 15.
Rc1 Qe5 16. Bd3 Nxd5 17. Bd2 Nf4 18. Bxf4 Qxf4 19. Ne2 Qe3 20. Rd1 Rab8 21. b4
Bc3+ 22. Kf1 Bxb4 23. Qxb4 Rxd3 24. Rxd3 Qxd3 25. Kf2 Nc4 26. Qc3 Qxc3 27. Nxc3
Rd8 28. Rd1 Rxd1 29. Nxd1 Kg7 30. Ke2 g5 31. Kd3 b5 32. Nc3 a6 33. Nd5 e6 34.
Nc7 Kf6 35. Nxa6 h5 36. Nc7 Na3 37. Kc3 Ke5 38. Kb4 Nc2+ 39. Kxb5 g4 40. a4
gxf3 41. gxf3 Nd4+ 42. Kc5 f5 43. Nb5 Nxf3 44. a5 fxe4 45. a6 e3 46. Nc3 Nxh2
47. a7 Nf3 48. a8=Q Kf4 49. Qe4+ Kg3 50. Qxe3 h4 51. Ne4+ Kg4 52. Nf2+ Kg3 53.
Kd6 e5 54. Kd5 Kg2 55. Ke4 Ng5+ 56. Qxg5+ 1-0

[Event "Accession B 2013/2014"]
[Site "Vitrolles"]
[Date "2013.12.30"]
[Round "3"]
[White "Scamaroni, Jean-Paul"]
[Black "Beraud, Robert"]
[Result "0-1"]
[WhiteElo "1636"]
[BlackElo "1729"]
[PlyCount "46"]

1. d4 Nf6 2. c4 g6 3. Nc3 Bg7 4. e4 d6 5. f4 O-O 6. Nf3 c5 7. d5 e6 8. Be2 exd5
9. cxd5 Bg4 10. h3 Bxf3 11. Bxf3 Nbd7 12. O-O Re8 13. Be3 Qa5 14. Bf2 a6 15. a4
c4 16. Qc2 Nc5 17. Bd4 Nb3 18. Rad1 Nxd4 19. Rxd4 Qc5 20. Qf2 Ng4 21. Qd2 Bxd4+
22. Kh1 Nf2+ 23. Kh2 Bxc3 0-1

[Event "Accession B 2013/2014"]
[Site "Vitrolles"]
[Date "2013.11.30"]
[Round "3"]
[White "Benavides, Jeremy"]
[Black "Baroyan, Davit"]
[Result "1-0"]
[WhiteElo "1798"]
[BlackElo "1548"]
[PlyCount "75"]

1. e4 c5 2. d4 cxd4 3. c3 dxc3 4. Nxc3 Nc6 5. Nf3 d6 6. Bc4 Nf6 7. O-O Bg4 8.
Qb3 e6 9. Qxb7 Qc8 10. Qxc8+ Rxc8 11. Ba6 Rb8 12. Bb5 Rc8 13. Nd4 Kd7 14. Nxc6
Rxc6 15. f3 Bh5 16. Be3 a6 17. Bxc6+ Kxc6 18. Rac1 Kd7 19. Na4 d5 20. e5 Ne8
21. Nb6+ Ke7 22. Bc5+ Kd8 23. Bxf8 Rxf8 24. Rc8+ Ke7 25. Ra8 Nc7 26. Ra7 Rb8
27. Rxc7+ Kd8 28. Rfc1 f6 29. Rc8+ Rxc8 30. Rxc8+ Ke7 31. Rc7+ Kd8 32. Rd7+ Ke8
33. f4 Kf8 34. Kf2 Be8 35. Ra7 Bb5 36. a4 Bd3 37. Nd7+ Ke8 38. Nc5 1-0

[Event "Accession B 2013/2014"]
[Site "Vitrolles"]
[Date "2013.12.30"]
[Round "3"]
[White "Ganier, Philippe"]
[Black "Sempe, Pierre"]
[Result "0-1"]
[WhiteElo "1633"]
[BlackElo "1622"]
[PlyCount "124"]

1. Nf3 Nf6 2. c4 g6 3. d3 Bg7 4. g3 c6 5. Nc3 d5 6. cxd5 cxd5 7. Bg2 O-O 8. O-O
Nc6 9. Bf4 Re8 10. d4 Nh5 11. Qd2 Nxf4 12. Qxf4 a6 13. Rfd1 e6 14. Rac1 Qb6 15.
Na4 Qb4 16. b3 Ne7 17. Rc7 Nf5 18. g4 Bh6 19. g5 Bg7 20. Ne5 Re7 21. Rxe7 Qxe7
22. e4 Bxe5 23. dxe5 dxe4 24. Bxe4 Rb8 25. Nb6 Qc7 26. Nc4 Bd7 27. h4 Bc6 28.
f3 Rd8 29. Re1 b5 30. Ne3 Bxe4 31. fxe4 Qc5 32. Kh2 Nxe3 33. Rxe3 Rd2+ 34. Kg3
Rxa2 35. Kg4 Rg2+ 36. Rg3 Rf2 37. Qe3 Qc2 38. Qd3 Rd2 39. Qe3 Re2 40. Qf3 Qxe4+
41. Qf4 Qf5+ 42. Qxf5 exf5+ 43. Kf3 Rxe5 44. Rg2 Re4 45. Rh2 Rb4 46. h5 Rxb3+
47. Kf4 Rb4+ 48. Ke5 Re4+ 49. Kd5 f6 50. gxf6 Kf7 51. hxg6+ hxg6 52. Rc2 Re6
53. Rg2 Kxf6 54. Kc5 g5 55. Kd5 f4 56. Kd4 Re5 57. Ra2 Kf5 58. Rxa6 f3 59. Ra1
g4 60. Rf1 Kf4 61. Kd3 g3 62. Rb1 g2 0-1

[Event "Accession B 2013/2014"]
[Site "Vitrolles"]
[Date "2013.12.30"]
[Round "3"]
[White "Tchifteyan, Philippe"]
[Black "Battaglia, Gerard"]
[Result "0-1"]
[WhiteElo "1692"]
[BlackElo "1847"]
[PlyCount "130"]

1. e4 e6 2. d4 d5 3. e5 c5 4. c3 Nc6 5. Nf3 Nge7 6. g4 Ng6 7. h4 Be7 8. h5 Nf8
9. Be3 Nd7 10. g5 Qb6 11. Qd2 a6 12. a3 Na5 13. Qc2 Qb3 14. Qxb3 Nxb3 15. Ra2
b5 16. Nbd2 cxd4 17. cxd4 Na5 18. Bd3 Bb7 19. b3 Rc8 20. Bc2 Nb6 21. Nb1 Nc6
22. Bd3 Na7 23. Bd2 O-O 24. Ke2 Rc6 25. g6 h6 26. gxf7+ Rxf7 27. Rg1 Kh8 28.
Rg4 Nbc8 29. Nh4 Bxh4 30. Rxh4 Ne7 31. Bb4 Nac8 32. Nc3 Nf5 33. Rg4 Nce7 34. a4
bxa4 35. Nxa4 Rc8 36. Nc5 Rcf8 37. Be1 Bc8 38. Bxa6 Nc6 39. Kd1 Nfxd4 40. Bxc8
Rxc8 41. b4 Nf3 42. Nxe6 Ncxe5 43. Rg3 Re7 44. Nc5 Nxe1 45. Kxe1 Nd3+ 46. Kf1
Re1+ 47. Kg2 Nf4+ 48. Kh2 Nxh5 49. Rb3 Nf4 50. Na6 Rcc1 51. Kg3 Nh5+ 52. Kg4
Nf6+ 53. Kf5 Ng8 54. Nc5 Ne7+ 55. Kg4 Rc4+ 56. Kf3 Ng6 57. Ra8+ Kh7 58. Nd3
Nh4+ 59. Kg3 Rg1+ 60. Kh3 Nf3 61. Nf4 Rxf4 62. Rxf3 Rxf3+ 63. Kh2 Rg4 64. b5
Rxf2+ 65. Kh3 Rb4 0-1

[Event "Accession B 2013/2014"]
[Site "Vitrolles"]
[Date "2013.12.21"]
[Round "4"]
[White "Urcun, Gael"]
[Black "Battaglia, Gerard"]
[Result "1-0"]
[WhiteElo "1641"]
[BlackElo "1847"]
[PlyCount "63"]

1. e4 e5 2. Bc4 Nf6 3. d3 Be7 4. Nc3 O-O 5. f4 d6 6. Nf3 Nbd7 7. O-O c6 8. Kh1
b5 9. Bb3 a5 10. a4 b4 11. Ne2 Ba6 12. fxe5 dxe5 13. Ng3 Qc7 14. Nf5 Nc5 15.
Nd2 Rad8 16. Qf3 Bc8 17. g4 Ne6 18. Nc4 Nd4 19. Nxd4 Bxg4 20. Qg3 Rxd4 21. Bg5
Qc8 22. Bxf6 Bxf6 23. Rxf6 gxf6 24. Ne3 h5 25. h3 Rfd8 26. hxg4 hxg4 27. Nf5
Kf8 28. Qxg4 Qc7 29. Qg7+ Ke8 30. Qg8+ Kd7 31. Qxf7+ Kc8 32. Qxc7+ 1-0

[Event "Accession B 2013/2014"]
[Site "Vitrolles"]
[Date "2013.12.21"]
[Round "4"]
[White "Beraud, Robert"]
[Black "Benavides, Jeremy"]
[Result "1-0"]
[WhiteElo "1729"]
[BlackElo "1798"]
[PlyCount "95"]

1. e4 Nc6 2. Nf3 e5 3. Bb5 a6 4. Ba4 Nf6 5. O-O b5 6. Bb3 Be7 7. c3 O-O 8. Re1
d5 9. exd5 Nxd5 10. Nxe5 Nxe5 11. Rxe5 c6 12. d4 Bd6 13. Re1 Qh4 14. g3 Qh3 15.
Qd3 Bg4 16. Qf1 Qh5 17. Be3 f5 18. f4 Rae8 19. Nd2 Kh8 20. Bxd5 cxd5 21. a4 g5
22. axb5 gxf4 23. Bxf4 Be2 24. Qf2 Bxf4 25. Qxf4 Bxb5 26. Nf3 Re4 27. Rxe4 dxe4
28. Ne5 Rf6 29. c4 Be8 30. c5 Qe2 31. Qf2 Qb5 32. Qd2 Rf8 33. Ra5 Qb3 34. Ra3
Qb5 35. Ra5 Qb3 36. Ra3 Qb5 37. Rc3 Rf6 38. Rc1 Re6 39. Kf2 Kg8 40. Qg5+ Bg6
41. Qd2 Be8 42. Qc3 Rh6 43. Kg1 Bf7 44. c6 Qe2 45. Rc2 Qd1+ 46. Kg2 e3 47. Nxf7
e2 48. Nxh6+ 1-0

[Event "Accession B 2013/2014"]
[Site "Vitrolles"]
[Date "2013.12.21"]
[Round "4"]
[White "Baroyan, Davit"]
[Black "Ganier, Philippe"]
[Result "1-0"]
[WhiteElo "1548"]
[BlackElo "1633"]
[PlyCount "113"]

1. d4 e6 2. c4 Nf6 3. Nf3 b6 4. g3 Bb7 5. Bg2 Be7 6. O-O O-O 7. Nc3 d5 8. cxd5
exd5 9. Bg5 Nbd7 10. Ne5 a6 11. Nxd7 Qxd7 12. Qb3 Rad8 13. Rac1 Rfe8 14. e3 h6
15. Bxf6 Bxf6 16. Rc2 b5 17. Rfc1 c6 18. a4 Rc8 19. Na2 Be7 20. Nb4 a5 21. Nd3
b4 22. Nc5 Bxc5 23. Rxc5 Qd8 24. Qd3 Qb6 25. Bf1 Re6 26. Bh3 Ba6 27. Qc2 b3 28.
Qc3 Bc4 29. Bxe6 fxe6 30. Qxa5 Qb7 31. R1xc4 dxc4 32. Rxc4 Qf7 33. Qa6 Rf8 34.
f4 Qf5 35. Rc1 Qe4 36. Kf2 g5 37. Qxc6 Qf5 38. Qb5 gxf4 39. Qxf5 fxe3+ 40. Kxe3
Rxf5 41. Rc5 Rf7 42. Rb5 Ra7 43. a5 Kf7 44. Kd3 Ke7 45. Kc3 Ra6 46. Kxb3 Rc6
47. Rc5 Rd6 48. Kc4 Kf6 49. b4 Ra6 50. d5 Ke5 51. dxe6+ Kxe6 52. Kb5 Ra8 53.
Rc6+ Kd5 54. Rxh6 Rg8 55. a6 Rb8+ 56. Rb6 Ra8 57. Rb7 1-0

[Event "Accession B 2013/2014"]
[Site "Vitrolles"]
[Date "2013.12.21"]
[Round "4"]
[White "Colandrea, Sauveur"]
[Black "Scamaroni, Jean-Paul"]
[Result "1-0"]
[WhiteElo "1762"]
[BlackElo "1636"]
[PlyCount "85"]

1. c4 g6 2. Nc3 Bg7 3. g3 c5 4. Bg2 Nc6 5. d3 d6 6. e3 Nf6 7. Nge2 O-O 8. O-O
Bd7 9. a3 Qc8 10. Rb1 Bh3 11. b4 Bxg2 12. Kxg2 cxb4 13. axb4 Ne5 14. Nf4 e6 15.
e4 Nfd7 16. Nb5 Qc6 17. Nd4 Qc8 18. Nfe2 Nc6 19. Nc2 f5 20. f3 Qc7 21. Nf4 Rae8
22. Be3 b6 23. Qd2 Nf6 24. h3 e5 25. Nd5 Nxd5 26. cxd5 Ne7 27. Rfc1 Qb8 28. Na3
Rc8 29. Rc4 b5 30. Rcc1 a6 31. Nc2 Rc7 32. d4 Rfc8 33. dxe5 Bxe5 34. Nd4 Rc4
35. Ne6 Bc3 36. Rxc3 Rxc3 37. Qd4 Rc2+ 38. Kf1 Kf7 39. Qg7+ Ke8 40. Bg5 Rf2+
41. Kxf2 Rc2+ 42. Kf1 Qb6 43. Qxe7# 1-0

[Event "Accession B 2013/2014"]
[Site "Vitrolles"]
[Date "2013.12.21"]
[Round "4"]
[White "Sempe, Pierre"]
[Black "Tchifteyan, Philippe"]
[Result "1-0"]
[WhiteElo "1622"]
[BlackElo "1692"]
[PlyCount "104"]

1. e4 c5 2. Nf3 Nc6 3. c3 g6 4. Bb5 d6 5. Bxc6+ bxc6 6. O-O Bg7 7. h3 e5 8. Re1
Ne7 9. d3 O-O 10. Nbd2 f5 11. exf5 Nxf5 12. Qb3+ Kh8 13. Ne4 h6 14. Bd2 Qe7 15.
Rad1 Be6 16. Qa3 Bd5 17. Bc1 Bxe4 18. Rxe4 Kh7 19. Qa4 Qc7 20. Rde1 Bf6 21. Qd1
Qg7 22. Nh2 g5 23. Ra4 Rf7 24. Qf3 Ne7 25. Ra6 Raf8 26. Rxa7 Qg6 27. Qe4 Qxe4
28. Rxe4 Nd5 29. Rea4 Be7 30. f3 Nf4 31. Bxf4 gxf4 32. Rd7 Kg6 33. Raa7 Re8 34.
Ng4 h5 35. Nf2 d5 36. c4 Kf6 37. cxd5 cxd5 38. Rxd5 Ke6 39. Rdd7 Rg7 40. Ne4
Reg8 41. Kf1 Bf8 42. Rxg7 Rxg7 43. Rxg7 Bxg7 44. Ke2 Kd5 45. Kd2 Kc6 46. Kc3
Kb5 47. Nd6+ Kc6 48. Nf5 Bf8 49. Kc4 Bd6 50. Nxd6 Kxd6 51. a4 e4 52. dxe4 Ke5
1-0

[Event "Accession B 2013/2014"]
[Site "Vitrolles"]
[Date "2014.01.18"]
[Round "5"]
[White "Scamaroni, Jean-Paul"]
[Black "Urcun, Gael"]
[Result "0-1"]
[WhiteElo "1636"]
[BlackElo "1641"]
[PlyCount "112"]

1. d4 Nf6 2. c4 g6 3. Nc3 Bg7 4. e4 d6 5. f4 O-O 6. Be2 c5 7. d5 e6 8. Nf3 exd5
9. cxd5 Bg4 10. O-O Nbd7 11. h3 Bxf3 12. Bxf3 Re8 13. Re1 Qa5 14. Qc2 b5 15.
Bd2 b4 16. Ne2 Qb6 17. Be3 Nxd5 18. Bf2 N5f6 19. e5 dxe5 20. Bxa8 Rxa8 21. fxe5
Nxe5 22. Qxc5 Qxc5 23. Bxc5 Nd3 24. Bd4 Nxe1 25. Rxe1 Ne4 26. Bxg7 Kxg7 27. Nd4
f5 28. Rc1 Kf6 29. Rc4 a5 30. Nf3 Rd8 31. Rc6+ Rd6 32. Rc7 Rd1+ 33. Kh2 Ra1 34.
Rc6+ Kg7 35. a3 bxa3 36. bxa3 Rxa3 37. Rc7+ Kh6 38. h4 Ra1 39. Ra7 a4 40. Ng1
a3 41. Nf3 a2 42. Ng1 Nf6 43. Nf3 Kh5 44. Kg3 Ne4+ 45. Kf4 h6 46. Ra5 Nf6 47.
Ra6 Nd5+ 48. Ke5 Nb4 49. Ra4 Rb1 50. g3 a1=Q+ 51. Rxa1 Rxa1 52. Kf4 Rf1 53. Ke3
Nd5+ 54. Ke2 Ra1 55. Kf2 Ra2+ 56. Kg1 Kg4 0-1

[Event "Accession B 2013/2014"]
[Site "Vitrolles"]
[Date "2014.01.18"]
[Round "5"]
[White "Benavides, Jeremy"]
[Black "Colandrea, Sauveur"]
[Result "1/2-1/2"]
[WhiteElo "1798"]
[BlackElo "1762"]
[PlyCount "98"]

1. e4 c5 2. Nf3 Nc6 3. d4 cxd4 4. Nxd4 e5 5. Nb5 d6 6. N1c3 a6 7. Na3 Be7 8.
Bd3 Nf6 9. O-O Be6 10. Be3 Ng4 11. Nd5 Nxe3 12. fxe3 Bg5 13. Qe2 Ne7 14. c4 O-O
15. Kh1 Bxd5 16. exd5 f5 17. e4 f4 18. Qg4 Ng6 19. g3 Bh6 20. b4 Qe7 21. Rf3
fxg3 22. Rxf8+ Rxf8 23. hxg3 Be3 24. Rf1 Rxf1+ 25. Bxf1 Qf7 26. Bg2 Nf8 27. Qf3
Ba7 28. Qxf7+ Kxf7 29. Bh3 b6 30. Kg2 Ke7 31. Bc8 a5 32. Nb5 Bb8 33. bxa5 bxa5
34. Kf3 Kd8 35. Bf5 g6 36. Bh3 Nd7 37. g4 g5 38. Bf1 Nc5 39. Ke3 Na6 40. a3 Kd7
41. Bd3 Bc7 42. Bc2 Bb6+ 43. Ke2 Bc5 44. Ba4 Ke7 45. Kf3 Nb8 46. Nc7 Bxa3 47.
Ne6 Bc1 48. Ng7 Ba3 49. Ne6 Bc1 1/2-1/2

[Event "Accession B 2013/2014"]
[Site "Vitrolles"]
[Date "2014.01.18"]
[Round "5"]
[White "Battaglia, Gerard"]
[Black "Sempe, Pierre"]
[Result "0-1"]
[WhiteElo "1847"]
[BlackElo "1622"]
[PlyCount "65"]

1. d4 Nf6 2. c4 g6 3. Nc3 Bg7 4. e4 d6 5. Be2 O-O 6. g4 e5 7. d5 c6 8. g5 Nfd7
9. h4 f5 10. h5 f4 11. hxg6 Qxg5 12. gxh7+ Kh8 13. Nf3 Qg6 14. Nh4 Qg5 15. Bh5
Rf6 16. Nf5 Rxf5 17. exf5 Nf6 18. Bf3 Bxf5 19. dxc6 Nxc6 20. Bxc6 bxc6 21. Qf3
d5 22. cxd5 cxd5 23. Bd2 Rd8 24. Qg3 Bg4 25. Qh2 Qf5 26. Rg1 Bf3 27. Qh4 d4 28.
Qg5 Qxg5 29. Rxg5 dxc3 30. Bxc3 Ne4 31. Rg6 Nxc3 32. bxc3 Kxh7 33. Rc6 0-1

[Event "Accession B 2013/2014"]
[Site "Vitrolles"]
[Date "2014.01.18"]
[Round "5"]
[White "Ganier, Philippe"]
[Black "Beraud, Robert"]
[Result "1-0"]
[WhiteElo "1633"]
[BlackElo "1729"]
[PlyCount "101"]

1. Nf3 Nf6 2. g3 g6 3. Bg2 Bg7 4. d3 c5 5. c3 Nc6 6. O-O O-O 7. e4 d6 8. Be3
Rb8 9. a4 a6 10. Qc2 Ng4 11. Bd2 e5 12. Na3 h6 13. Rac1 Be6 14. b4 cxb4 15.
cxb4 Rc8 16. Qb2 Qd7 17. Nc4 Bxc4 18. Rxc4 b5 19. axb5 axb5 20. Rc2 Nf6 21.
Rfc1 Ne7 22. h3 g5 23. Rxc8 Rxc8 24. Re1 Nc6 25. Bc3 Ne8 26. Bf1 Nc7 27. Kg2
Ne6 28. Nh2 Ned4 29. Ng4 h5 30. Ne3 g4 31. hxg4 hxg4 32. Be2 Nxe2 33. Qxe2 Nd4
34. Bxd4 exd4 35. Nxg4 Re8 36. Rh1 Qe6 37. f4 f5 38. Nf2 fxe4 39. dxe4 Qb3 40.
Qxb5 Rf8 41. Rd1 Qe6 42. Rd3 Rc8 43. Kf3 Rc2 44. Qd5 Qxd5 45. exd5 Rb2 46. Ne4
Rxb4 47. Nxd6 Bf8 48. Nf5 Bc5 49. Ke4 Rb1 50. Nxd4 Re1+ 51. Kf5 1-0

[Event "Accession B 2013/2014"]
[Site "Vitrolles"]
[Date "2014.01.18"]
[Round "5"]
[White "Tchifteyan, Philippe"]
[Black "Baroyan, Davit"]
[Result "0-1"]
[WhiteElo "1692"]
[BlackElo "1548"]
[PlyCount "108"]]

1. e4 c5 2. c3 d5 3. e5 Nc6 4. d4 cxd4 5. cxd4 Qb6 6. Nf3 Bg4 7. Nc3 Bxf3 8.
gxf3 Qxd4 9. Qxd4 Nxd4 10. Nxd5 Rc8 11. Kd1 Nxf3 12. Bb5+ Kd8 13. Be3 e6 14.
Nc3 Bc5 15. Ke2 Nxe5 16. Rhd1+ Ke7 17. f4 a6 18. Ba4 b5 19. Bb3 Bxe3 20. Kxe3
Nc4+ 21. Bxc4 Rxc4 22. Rd2 Nf6 23. Rad1 b4 24. Na4 Nd5+ 25. Kf3 Rxf4+ 26. Kg3
Rc4 27. b3 Rc6 28. Nb2 Rc3+ 29. Kf2 Nb6 30. Kg1 Rhc8 31. Nd3 a5 32. Ne5 Rc1 33.
Kf2 Rxd1 34. Rxd1 Rc2+ 35. Ke3 Rxa2 36. Nc6+ Kf6 37. Rf1+ Kg6 38. Ne5+ Kh5 39.
Rxf7 Rxh2 40. Nc4 Nxc4+ 41. bxc4 Kg6 42. Rb7 Rh4 43. Kd3 e5 44. c5 Rd4+ 45. Ke3
Rc4 46. Rb5 a4 47. Kd3 Rc3+ 48. Ke4 b3 49. Kxe5 a3 50. Kd4 Rxc5 51. Rxb3 Ra5
52. Rb1 h5 53. Kc3 a2 54. Ra1 h4 0-1

[Event "Accession B 2013/2014"]
[Site "Vitrolles"]
[Date "2014.02.15"]
[Round "6"]
[White "Scamaroni, Jean-Paul"]
[Black "Benavides, Jeremy"]
[Result "0-1"]
[WhiteElo "1637"]
[BlackElo "1798"]
[PlyCount "76"]

1. d4 Nf6 2. c4 g6 3. Nc3 d5 4. cxd5 Nxd5 5. e4 Nxc3 6. bxc3 Bg7 7. Bc4 O-O 8.
Ne2 c5 9. O-O Nc6 10. Be3 Qa5 11. Qc2 e6 12. a3 Rd8 13. dxc5 Ne5 14. Bb3 Ng4
15. Rfd1 Nxe3 16. Rxd8+ Qxd8 17. fxe3 Bd7 18. Nd4 Qg5 19. Qd2 Qxc5 20. a4 Rc8
21. c4 Bc6 22. Rd1 Bh6 23. Qc3 Bxe4 24. Kf2 Bg7 25. g4 Qg5 26. Kg3 h5 27. h3
Be5+ 28. Kf2 Qh4+ 29. Ke2 Qxh3 30. Qe1 Bg3 31. Qg1 e5 32. Nb5 Bf3+ 33. Kxf3
Bh2+ 34. Ke4 Bxg1 35. Rxg1 hxg4 36. Nd6 Qf3+ 37. Kd3 e4+ 38. Kd4 Qf6+ 0-1